Statistics for Largest European Cities by Letter - N

Click here to take the quiz!

General Stats

  • This quiz has been taken 88 times
  • The average score is 8 of 19

Answer Stats

Rank Population Country Hint City % Correct
21'047'000ItalyPizzaNaples
99%
6343'000FranceCôte d'AzurNice
96%
7284'000United KingdomRobin HoodNottingham
93%
4487'000GermanyTrials against NazisNuremberg
89%
8282'000United KingdomTyne BridgeNewcastle-upon-Tyne
86%
11244'000FrancePays de la LoireNantes
68%
11'358'000RussiaGorkyNizhny Novgorod
67%
9266'000SerbiaSecond-largest city of SerbiaNovi Sad
55%
10250'000SerbiaCenter of Electronics IndustryNis
32%
15192'000United KingdomAll Saints' ChurchNorthampton
25%
17152'000NetherlandsOldest city in the NetherlandsNijmegen
25%
14204'000RussiaCountry's main port on the Black SeaNovorossiysk
14%
12230'000RussiaAttack of Yarmuk Jamaal Militants in 2005Nalchik
11%
13224'000RussiaCentral MosqueNizhnekamsk
10%
19150'000Germany"Germany's oldest city"Neuss
10%
16184'000Russia1962 MassacreNovocherkassk
7%
3521'000RussiaKama RiverNaberezhnye Tchelny
5%
18150'000UkraineTransfiguration ChurchNikopol
5%
5393'000RussiaFirst Russian LocomotiveNizhny Tagil
1%

Score Distribution

Percentile by Number Answered

Percent of People with Each Score

Your Score History

You have not taken this quiz